000 00528nam a2200145Ia 4500
008 100204s9999 xx 000 0 und d
082 _b26795
100 _aओक सुनेत्रा
245 _aन परतीच्या वाटेवरुन
260 _b"अक्षता पब्लिकेशन्स, पुणे"
_c2005
300 _a160
630 _aन परतीच्या वाटेवरुन
730 _aन परतीच्या वाटेवरुन
942 _cBOOK
999 _c471976
_d471973